Mathematics : (Record no. 79911)

MARC details
000 -LEADER
fixed length control field 00746nam a22002417a 4500
003 - CONTROL NUMBER IDENTIFIER
control field URS
005 - DATE AND TIME OF LATEST TRANSACTION
control field 20240605162810.0
008 - FIXED-LENGTH DATA ELEMENTS--GENERAL INFORMATION
fixed length control field 240515t2020 usa||||| |||| 00| 0 eng d
020 ## - INTERNATIONAL STANDARD BOOK NUMBER
International Standard Book Number 9781337629966
040 ## - CATALOGING SOURCE
Original cataloging agency DLC
Language of cataloging eng
Transcribing agency DLC
Modifying agency DLC
-- URS
Description conventions rda
082 ## - DEWEY DECIMAL CLASSIFICATION NUMBER
Classification number 372.7
Item number B2939 2020
100 ## - MAIN ENTRY--PERSONAL NAME
Personal name Bassarear, Tom.
245 ## - TITLE STATEMENT
Title Mathematics :
Remainder of title for Elementary School Teachers 7e/
Statement of responsibility, etc. Tom Bassarear, Meg Moss.
264 ## - PRODUCTION, PUBLICATION, DISTRIBUTION, MANUFACTURE, AND COPYRIGHT NOTICE
Place of production, publication, distribution, manufacture United State of America:
Name of producer, publisher, distributor, manufacturer Cengage Learning, Inc,.
Date of production, publication, distribution, manufacture, or copyright notice [2020]
300 ## - PHYSICAL DESCRIPTION
Extent xxv, various pages;
Dimensions 27 cm.
336 ## - CONTENT TYPE
Source rdacontent
Content type term text
Content type code txt
337 ## - MEDIA TYPE
Source rdamedia
Media type term unmediated
Media type code n
338 ## - CARRIER TYPE
Source rdacarrier
Carrier type term volume
Carrier type code nc
504 ## - BIBLIOGRAPHY, ETC. NOTE
Bibliography, etc. note Includes appendix and index.
650 ## - SUBJECT ADDED ENTRY--TOPICAL TERM
Topical term or geographic name entry element Mathematics.
700 ## - ADDED ENTRY--PERSONAL NAME
Personal name Moss, Meg.
942 ## - ADDED ENTRY ELEMENTS (KOHA)
Source of classification or shelving scheme Dewey Decimal Classification
Koha item type Foreign Books
Holdings
Withdrawn status Source of classification or shelving scheme Damaged status Not for loan Home library Current library Shelving location Date acquired Total Checkouts Full call number Barcode Date last seen Copy number Price effective from Koha item type
  Dewey Decimal Classification     Pililla College Library Pililla College Library Foreign Section 05/15/2024   372.7 B2939 2020 URSPIL-7002 05/15/2024 1 05/15/2024 Foreign Books

University of Rizal System
Email us at univlibservices@urs.edu.ph

Visit our Website www.urs.edu.ph/library